000 00227nam a2200097Ia 4500
008 170620s9999 xx 000 0 und d
100 _aSaral
245 0 _aShirimadh Bhagwadh Geeta
260 _bNew Delhi : Shri Dinesh Bahl
260 _c2016
300 _a36
999 _c28131
_d28131